| 000 | 00573nam a2200217 a 4500 | ||
|---|---|---|---|
| 001 | 000016678 | ||
| 003 | DO-SdBNP | ||
| 005 | 20211025142134.0 | ||
| 007 | ta | ||
| 008 | 100309s1981 dr a 001 0 spa d | ||
| 040 |
_aDO-SdBNP _bspa _cBNPHU |
||
| 049 | _aBNPD | ||
| 082 | 4 |
_222 _axxxx _bG216p |
|
| 100 | 1 |
_aGarcía, Láutico _923410 |
|
| 245 | 1 | 0 |
_aPromoviendo el apostolado seglar / _cLáutico García. |
| 260 |
_aSanto Domingo : _c1981. _fAlfa y Omega, |
||
| 300 |
_a362 p. ; _c21 cm. |
||
| 590 | _aInventariado, 2020/BT | ||
| 910 | _aBtavárez | ||
| 942 |
_2ddc _cLBS1 |
||
| 999 |
_c16211 _d16211 |
||